000 00511nmm a2200157Ia 4500
008 251105s9999||||xx |||||||||||||||||und||
020 _a9789587841206
041 _aspa
100 _aMata Daza, Dagoberto
245 0 _aSí hay vida después de la guerra: Memorias de soldados mutilados por minas antipersonales
264 _a[Bogotá, Colombia] :
_bUniversidad del Rosario,
_c2018
300 _a104 páginas
650 _aBiography
856 _uhttps://public.digitaliapublishing.com/a/59748
942 _cCF
999 _c96378
_d96378